000 00317 a2200121 4500
001 147055
040 _cEscola São Tomás de Aquino
100 _aFERREIRA, Fabio Gonçalves
240 1 0 _aMedo de ninguém
_lpor
245 1 0 _aMedo de ninguém
697 _aProblemas de disciplina. Violência estudantil
942 _cBK
999 _c147055
_d147055